Principes de conservation du sol / (Record no. 11317)
[ view plain ]
| 000 -LEADER | |
|---|---|
| fixed length control field | 00402nam a2200157 i 4500 |
| 020 ## - INTERNATIONAL STANDARD BOOK NUMBER | |
| ISBN | 2225400733 |
| 040 ## - CATALOGING SOURCE | |
| Transcribing agency | DLC |
| 082 00 - DEWEY DECIMAL CLASSIFICATION NUMBER | |
| Classification number | 631 MAS 1975 |
| 100 1# - MAIN ENTRY--AUTHOR NAME | |
| Personal name | Nahal, Ibrahim. |
| 245 10 - TITLE STATEMENT | |
| Title | Principes de conservation du sol / |
| 260 ## - PUBLICATION, DISTRIBUTION, ETC. (IMPRINT) | |
| Place of publication | Paris : |
| Name of publisher | Masson, |
| Year of publication | 1975. |
| 300 ## - PHYSICAL DESCRIPTION | |
| Number of Pages | 143 p. : |
| Other physical details | ill. ; |
| Dimensions | 24 cm. |
| 490 0# - SERIES STATEMENT | |
| Series statement | Collection de géographie applicable |
| 650 #0 - SUBJECT ADDED ENTRY--TOPICAL TERM | |
| Topical Term | Soil conservation. |
| 942 ## - ADDED ENTRY ELEMENTS (KOHA) | |
| Koha item type | សៀវភៅភាសាអង់គ្លេស |
| 952 ## - LOCATION AND ITEM INFORMATION (KOHA) | |
| Withdrawn status [LOCAL, KOHA] | 0 |
| 952 ## - LOCATION AND ITEM INFORMATION (KOHA) | |
| Withdrawn status [LOCAL, KOHA] | 0 |
| Permanent Location | Date acquired | Koha item type | Lost status | Shelving location | Barcode | Current Location | Full call number |
|---|---|---|---|---|---|---|---|
| Library Block A | 2017-08-01 | សៀវភៅភាសាអង់គ្លេស | A036 | A11132 | Library Block A | 631 MAS 1975 A036 Or. | |
| Library Block A | 2018-01-23 | សៀវភៅភាសាអង់គ្លេស | A105 | A11676 | Library Block A | 631 MAS 1975 A105 Or. |